Joueurs célèbres et/ou marquants de Cholet Basket formé au club - Statistiques

Statistiques générales
  • Ce quiz a été pris 88 fois
  • Le résultat moyen est 5 sur 38
Statistiques - réponses
Années au club Poste Joueurs % Correct
2011-2013 Pivot Rudy Gobert
89%
2017-2019 Meneur, Arrière Killian Hayes
72%
2006-2009 Meneur, Arrière Nando de Colo
65%
1987-1995 Meneur, Arrière Antoine Rigaudeau
42%
2001-2004 / 2009-2010 Ailier, Ailier fort Mickaël Gelabale
42%
2006-2009 Meneur, Arrière Rodrigue Beaubois
36%
2008-2010 Ailier fort, Pivot Kevin Séraphin
31%
1988-1992 / 2002-2007 Ailier fort Jim Bilba
26%
2020- Intérieur Yoan Makoundou
17%
2019-2021 Meneur, Arrière Karlton Dimanche
15%
1999-2006 / 2007-20092010-2011 / 2013-2014 Pivot Claude Marquis
11%
1977-1989 (Excellence Départementale à N1A) Arrière Thierry Chevrier
10%
2018-2020 Pivot Melvyn Govindy
8%
2016-2020 Arrière, Meneur Abdoulaye N'doye
7%
2004-2006 Ailier Charles Kahudi
6%
2012-2015 Pivot Yannis Morin
6%
1996-2003 Meneur Aymeric Jeanneau
4%
2002-2006 Arrière Cédric Ferchaud
4%
2000-2001 / 2015-2016 Ailier fort Stephen Brun
4%
1989-1992 / 1993-1997 Pivot Bruno Coqueran
3%
1998-2001 / 2004-2006 Ailier David Gautier
3%
2003-2006 Ailier Jean-Michel Mipoka
3%
2008-2009 / 2013-2014 Ailier fort Steeve Ho You Fat
3%
2019-2021 Ailier Vafessa Fofana
3%
2008-2011 Ailier Christophe Léonard
1%
2003-2004 Ailier fort Cyril Akpomedah
1%
1983-1988 (De la N2 à la N1A) Intérieur Maurice Brangeon
1%
2007-2008 / 2009-2010 Ailier fort Maxime Chupin
1%
1989-1994 Meneur Olivier Allinéi
1%
2001-2002 Meneur Vincent Mouillard
1%
2011-2013 Meneur Carl Ona Embo
0%
2005-2007 Pivot Gary Florimont
0%
1989-1990 Pivot Jean-Pierre Ville
0%
2013-2016 Ailier, Arrière Kadri Moendadze
0%
1998-2002 / 2004-2007 Ailier, Ailier fort Olivier Bardet
0%
2003-2005 Meneur Romain Malet
0%
2005-2008 Pivot Saïd Bendriss
0%
2006-2008 Ailier, Ailier fort Stéphane Dondon
0%
Aucun quiz correspondant
Distribution des résultats
% des personnes avec chaque résultat
Percentile par nombre de réponses
Votre historique - résultats
Vous n’avez pas pris ce quiz